Papai! (Record no. 48257)

MARC details
000 -LÍDER
campo de controle de tamanho fixo 00321 a2200157 4500
001 - NÚMERO DE CONTROLE
campo de controle 48257
020 ## - ISBN - INTERNATIONAL STANDARD BOOK NUMBER
ISBN - International Standard Book Number 978-85-405-0752-4
040 ## - FONTE DA CATALOGAÇÃO
Instituição que transcreveu o registro Anchieta - Aquarius
100 ## - ENTRADA PRINCIPAL--NOME PESSOAL
Nome pessoal Corentin, Philippe
240 10 - TÍTULO UNIFORME
Título uniforme Papai!
Idioma da obra
245 10 - TÍTULO
Título Papai!
300 ## - DESCRIÇÃO FÍSICA
Extensão 26
362 0# - DATAS DE PUBLICAÇÃO E/OU DESIGNAÇÃO SEQUENCIAL
Datas de publicação e/ou designação sequencial 2008
650 #4 - ASSUNTO--TERMO TÓPICO
Cabeçalho tópico ou nome geográfico Literatura infantil
942 ## - ELEMENTOS DE ENTRADA ADICIONADOS (KOHA)
Tipo de material Koha Livros
Holdings
Situação do descarte Situação das perdas Situação física Não pode ser emprestado Biblioteca de origem Biblioteca atual Data de aquisição Total de empréstimos Número de chamada completo Código de barras Devolução em Data de último acesso Data do último empréstimo Data do preço efetivo Tipo de material Koha Fonte da classificação ou esquema de arquivamento na estante Nota pública
        Colégio Anchieta - Aquarius Inspira 21/11/2023 4 LI 028.5 COR PAP 7603/AQU 02/06/2023 21/11/2023 21/11/2023 21/11/2023 Livros    
        Novo Tempo - Aureliano São José Novo Tempo - Aureliano São José 08/07/2024     if952   08/07/2024   08/07/2024 Livros Classificação Decimal de Dewey P